Garden Snail Farming : (Record no. 199416)

MARC details
000 -LEADER
fixed length control field 01078nam a2200289 i 4500
005 - DATE AND TIME OF LATEST TRANSACTION
control field 20250416115327.0
008 - FIXED-LENGTH DATA ELEMENTS--GENERAL INFORMATION
fixed length control field 250416t20132013my ao frf 000 0 eng d
020 ## - INTERNATIONAL STANDARD BOOK NUMBER
International Standard Book Number 9789679366228
Terms of availability RM10.00
Qualifying information paperback
040 ## - CATALOGING SOURCE
Original cataloging agency PPAK
Language of cataloging eng
Transcribing agency PPAK
Description conventions rda
082 04 - DEWEY DECIMAL CLASSIFICATION NUMBER
Edition number 23
Classification number 639.483
090 00 - LOCALLY ASSIGNED LC-TYPE CALL NUMBER (OCLC); LOCAL CALL NUMBER (RLIN)
Classification number (OCLC) (R) ; Classification number, CALL (RLIN) (NR) 639.483
Feature heading MOH
Feature heading R
100 0# - MAIN ENTRY--PERSONAL NAME
Personal name Mohd Irwani Hafiz Sahid,
Relator term author.
245 10 - TITLE STATEMENT
Title Garden Snail Farming :
Remainder of title Prospects in Malaysia /
Statement of responsibility, etc. Mohd Irwani Hafiz Sahid
264 #1 - PRODUCTION, PUBLICATION, DISTRIBUTION, MANUFACTURE, AND COPYRIGHT NOTICE
Place of production, publication, distribution, manufacture Kuala Lumpur :
Name of producer, publisher, distributor, manufacturer Malaysian Agricultural Research and Development Institute (MARDI),
Date of production, publication, distribution, manufacture, or copyright notice 2013
Date of production, publication, distribution, manufacture, or copyright notice ©2013
300 ## - PHYSICAL DESCRIPTION
Extent 15 pages :
Other physical details illustrations, colour photographs ;
Dimensions 25 cm
336 ## - CONTENT TYPE
Content type term text
Source rdacontent
337 ## - MEDIA TYPE
Media type term unmediated
Source rdamedia
338 ## - CARRIER TYPE
Carrier type term volume
Source rdacarrier
490 1# - SERIES STATEMENT
Series statement MARDI Report ;
Volume/sequential designation No. 215 (2013)
504 ## - BIBLIOGRAPHY, ETC. NOTE
Bibliography, etc. note Bibliography : pages 14-15
650 10 - SUBJECT ADDED ENTRY--TOPICAL TERM
Topical term or geographic name entry element Snail farming
Topical term or geographic name entry element Brown garden snail
710 2# - ADDED ENTRY--CORPORATE NAME
Corporate name or jurisdiction name as entry element Institut Penyelidikan dan Kemajuan Pertanian Malaysia,
Relator term issuing body.
830 #0 - SERIES ADDED ENTRY--UNIFORM TITLE
Uniform title MARDI Report ;
Volume/sequential designation No. 215 (2013)
942 ## - ADDED ENTRY ELEMENTS (KOHA)
Source of classification or shelving scheme Dewey Decimal Classification
Koha item type Book
Holdings
Withdrawn Not for loan Current library Shelving location Date acquired Total Checkouts Full call number Barcode Date last seen Koha item type
  Not For Loan Perpustakaan Alor Setar Rujukan Dewasa 21/05/2025   R 639.483 MOH A00748896 21/05/2025 Book